000
00216nam a2200085Ia 4500
008
120527s9999 xx 000 0 und d
100
_a
NUC
245
_a
Convocation spechees of nigerian Universities 5th ed
942
_c
BK
999
_c
20448
_d
20448